[Event "Surfers Paradise Open"]
[Site "Gold Coast AUS"]
[Date "2010.12.26"]
[Round "2"]
[White "Kanagarajah Abbie"]
[Black "Brown,An"]
[Result "0-1"]
[WhiteElo "1644"]
[BlackElo "2175"]

1.e4 c5 2.Nf3 Nc6 3.Bb5 g6 4.O-O Bg7 5.c3 Nf6 6.Re1 O-O 7.d4 cxd4 8.cxd4 d5
9.e5 Ne4 10.Nc3 Nxc3 11.bxc3 Na5 12.Bd3 Nc4 13.Bg5 Nb2 14.Qd2 Nxd3 15.Qxd3 h6
16.Be3 Bg4 17.Nd2 Rc8 18.Nb3 Rc4 19.Qd2 Kh7 20.Bf4 a5 21.Rab1 Bf5 22.Rb2 e6
23.f3 g5 24.Be3 Qc7 25.Rc1 b6 26.Qe1 Rc8 27.Nd2 Rxc3 28.Rxc3 Qxc3 29.Rxb6 Qa3
30.Nb3 a4 31.Nc5 Qxa2 32.Rb7 Bg6 33.Ra7 a3 34.Qc1 Rb8 35.Rxa3 Qe2 36.Rb3 Rxb3
37.Nxb3 Bd3 38.h3 Bf8 39.Qd2 Qf1+ 40.Kh2 f6 41.exf6 Bd6+ 42.g3 Bf5 43.Qg2 Qd3
44.Qa2 Qxe3 45.Qa7+ Kg6 46.Qg7+ Kh5  0-1

[Event "Unna Open 2010"]
[Site "Unna GER"]
[Date "2010.12.27"]
[Round "1.8"]
[White "Spenk,W"]
[Black "Franke,T"]
[Result "0-1"]
[WhiteElo "1740"]
[BlackElo "2164"]

1.e4 c5 2.Nf3 Nc6 3.Bb5 Nf6 4.Bxc6 dxc6 5.d3 Bg4 6.h3 Bh5 7.Bg5 Qc7 8.Bxf6 gxf6
9.Nbd2 e6 10.Qe2 O-O-O 11.g4 Bg6 12.O-O-O h5 13.Kb1 Qf4 14.Qe3 Qxe3 15.fxe3 Bh6
16.Rde1 Rh7 17.e5 fxe5 18.Nxe5 Rd5 19.Ndf3 Bg7 20.Nxg6 fxg6 21.g5 Rf5 22.Ref1 Rh8
23.e4 Rf4 24.a3 Kd7 25.Nd2 Be5 26.Nc4 Bc7 27.Rxf4 Bxf4 28.Rf1 e5 29.h4 b5
30.Na5 Rf8 31.c4 Kc7 32.Kc2 Kb6 33.Nb3 bxc4 34.dxc4 Rd8 35.a4 a5 36.Rg1 Rd7
37.Rg2 Be3 38.Rg3 Bf2 39.Rh3 Rf7 40.Kd3 Rf4 41.Nd2 Bd4 42.b3 Kc7 43.Nf3 Kd6
44.Nd2 Ke6 45.Nf3 Rg4 46.Nd2 Bf2 47.Nf3 Bg3 48.Ke3 Bf4+ 49.Kd3 Rg2 50.Rh1 Rf2
51.Rh3 Rb2 52.Kc3 Re2 53.Nxe5 Kxe5 54.Kd3 Rxe4  0-1

[Event "3rd Marseille Open"]
[Site "Marseille FRA"]
[Date "2010.12.28"]
[Round "5"]
[White "Petrossian,A"]
[Black "Degraeve,JM"]
[Result "0-1"]
[WhiteElo "2443"]
[BlackElo "2562"]

1.e4 c5 2.Nf3 Nc6 3.Bb5 g6 4.Nc3 Bg7 5.h3 Nd4 6.Nxd4 cxd4 7.Ne2 Nf6 8.Ng3 O-O
9.O-O d5 10.exd5 Nxd5 11.Bc4 Nb6 12.Bb3 d3 13.Re1 dxc2 14.Qxc2 Bd7 15.d4 Bc6
16.Bg5 Re8 17.Nf5 gxf5 18.Qxf5 Nd5 19.Re5 e6 20.Qg4 f5 21.Qg3 Qd7 22.Rae1 Rac8
23.Bh6 Kh8 24.Rxe6 Bxh6 25.Bxd5 Qxd5  0-1

[Event "WSB Masters IM"]
[Site "Wroclaw POL"]
[Date "2010.12.28"]
[Round "3"]
[White "Plat,V"]
[Black "Malinovsky,K"]
[Result "1/2-1/2"]
[WhiteElo "2422"]
[BlackElo "2339"]

1.e4 c5 2.Nf3 Nc6 3.Bb5 d6 4.d3 g6 5.O-O Bg7 6.c3 Bg4 7.h3 Bxf3 8.Qxf3 Qb6
9.Na3 Nf6 10.e5 dxe5 11.Be3 Nd7 12.b4 O-O 13.Nc4 Qc7 14.bxc5 e4 15.Qxe4 Bxc3
16.Rab1 Nf6 17.Qf3 Nd4 18.Bxd4 Bxd4 19.Rfc1 Qxc5 20.Na5 Qd5 21.Rc4 Qxf3 22.gxf3 e5
23.Nxb7 Nd5 24.Nc5 Nc3 25.Rb3 Nxb5 26.Rxb5 Rab8 27.Rxb8 Rxb8 28.Nb3 Bb6 29.Kf1 Kg7
30.Ke2 Kf6 31.Rc6+ Kg5 32.Nc5 Bxc5 33.Rxc5 Rb2+ 34.Ke3 Rxa2 35.Rxe5+ Kf6
36.Rb5 a5 37.f4 a4 38.Ra5 Ra1 39.Ra6+ Kf5 40.Ra5+ Ke6 41.f5+ gxf5 42.Kf4 a3
43.f3 Rh1 44.Ra6+ Kd5 45.Rxa3 Rxh3 46.Ra5+ Ke6 47.Re5+ Kd6  1/2-1/2

[Event "Surfers Paradise Open"]
[Site "Gold Coast AUS"]
[Date "2010.12.29"]
[Round "8"]
[White "Deen Cowell,N"]
[Black "Lapitan Daniel"]
[Result "1-0"]
[WhiteElo "1917"]
[BlackElo "1638"]

1.e4 c5 2.Nf3 Nc6 3.Bb5 e6 4.O-O d6 5.Re1 Bd7 6.c3 Nf6 7.d4 cxd4 8.cxd4 Be7
9.Nc3 O-O 10.Ba4 Nb4 11.Bb3 Qc7 12.a3 Na6 13.Bf4 Nh5 14.Bg5 Bxg5 15.Nxg5 h6
16.Qxh5 hxg5 17.Re3 e5 18.Qxg5 Qd8 19.Qg6 Qf6 20.Qxf6 gxf6 21.dxe5 fxe5 22.Rd1 Nc5
23.Ba2 Be6 24.Bxe6 Nxe6 25.Rxd6 Rfd8 26.Red3 Nd4 27.Rxd8+ Rxd8 28.Nd5  1-0

[Event "Surfers Paradise Open"]
[Site "Gold Coast AUS"]
[Date "2010.12.29"]
[Round "9"]
[White "Deen Cowell,N"]
[Black "Muller,J"]
[Result "0-1"]
[WhiteElo "1917"]
[BlackElo "1957"]

1.e4 c5 2.Nf3 Nc6 3.Bb5 g6 4.Bxc6 dxc6 5.d3 Bg7 6.h3 Nf6 7.Nc3 O-O 8.Be3 b6
9.O-O Nd7 10.Qd2 e5 11.a3 Qe7 12.Rab1 a5 13.Rfe1 Rd8 14.Ne2 a4 15.Ng3 Nf8
16.Qc3 Ne6 17.Nxe5 Nd4 18.Bxd4 cxd4 19.Nxc6 Qe8 20.Qc4 Be6 21.Qb5 Bd7 22.Qxb6 Bxc6
23.Qc5 Be5 24.Ne2 Rac8 25.f4 Bf6 26.Qb4 Bh4 27.g3 Be7 28.Qd2 Bc5 29.Kh2 Qd7
30.f5 Qe7 31.Rf1 Bd7 32.Nf4 Qg5 33.Qf2 gxf5 34.h4 Qh6 35.Qf3 fxe4 36.dxe4 Bd6
37.Nd5 Rxc2+ 38.Kh1 Be6 39.Nf6+ Kh8 40.Qd3 Qd2 41.Qxd2 Rxd2 42.b4 axb3  0-1

[Event "Rilton Cup 2010-11"]
[Site "Stockholm SWE"]
[Date "2010.12.29"]
[Round "3"]
[White "Sagit,R"]
[Black "Palmblad,J"]
[Result "1-0"]
[WhiteElo "2406"]
[BlackElo "2135"]

1.e4 c5 2.Nf3 Nc6 3.Bb5 g6 4.O-O Bg7 5.Re1 Nf6 6.d3 O-O 7.Nc3 d6 8.h3 Ne8
9.a3 Bd7 10.Bc4 Nc7 11.Nd5 e6 12.Bg5 f6 13.Nxc7 Qxc7 14.Bd2 Ne7 15.b4 b5
16.bxc5 dxc5 17.Ba2 Kh8 18.c3 e5 19.d4 c4 20.Qc1 Nc6 21.Bh6 a6 22.Bxg7+ Kxg7
23.Bb1 Be8 24.Rd1 Rd8 25.Bc2 Qe7 26.Qe3 Na5 27.dxe5 Rxd1+ 28.Rxd1 fxe5 29.Qg5 Rf7
30.Qxe5+ Qxe5 31.Nxe5 Re7 32.f4 Nb7 33.Rd5 Re6 34.Kf2 Rd6 35.Rxd6 Nxd6 36.Ke3 Kf6
37.Kd4 Ke6 38.g4 g5 39.f5+ Kf6 40.Nf3  1-0

[Event "Rilton Cup 2010-11"]
[Site "Stockholm SWE"]
[Date "2010.12.31"]
[Round "5"]
[White "Luukkonen,T"]
[Black "Karlsson,L"]
[Result "0-1"]
[WhiteElo "2309"]
[BlackElo "2466"]

1.e4 c5 2.Nf3 Nc6 3.Bb5 Nf6 4.e5 Nd5 5.O-O Nc7 6.a4 g6 7.Re1 Bg7 8.Nc3 O-O
9.d3 Nd4 10.Bg5 Nce6 11.Bh4 Nf5 12.a5 Nxh4 13.Nxh4 d6 14.Nf3 Nc7 15.Bc4 d5
16.Bb3 Bg4 17.a6 b5 18.h3 Bxf3 19.Qxf3 e6 20.Qg3 Rb8 21.Nd1 c4 22.Ba2 f6
23.f4 fxe5 24.fxe5 Rf5 25.dxc4 bxc4 26.b3 cxb3 27.Bxb3 Qg5 28.Qxg5 Rxg5 29.Nf2 Rxe5
30.Rxe5 Bxe5 31.Ra4 Rb6 32.Kf1 Kf7 33.Rh4 h5 34.Nd3 Bd6 35.Rd4 Rxa6 36.Nf2 Ke7
37.Rd3 Be5 38.Nd1 Ra1 39.Ke2 Nb5 40.c3 Nd6 41.Rg3 Ra3 42.Bc2 Ra2 43.Kd3 Nc4  0-1

[Event "Berkeley Int Open"]
[Site "Berkeley USA"]
[Date "2011.01.02"]
[Round "2"]
[White "Shivaji,S1"]
[Black "Sandberg,E"]
[Result "1/2-1/2"]
[WhiteElo "2303"]
[BlackElo "2173"]

1.e4 c5 2.Nf3 Nc6 3.Bb5 g6 4.O-O Bg7 5.c3 Nf6 6.e5 Nd5 7.d4 cxd4 8.cxd4 O-O
9.Nc3 Nc7 10.Re1 d5 11.Bxc6 bxc6 12.h3 Ne6 13.Be3 Rb8 14.Qd2 Qb6 15.Na4 Qb4
16.Qxb4 Rxb4 17.b3 f6 18.Rac1 Bd7 19.Bd2 Rbb8 20.exf6 Bxf6 21.Nc5 Nxc5 22.Rxc5 Rb5
23.Rc3 Rc8 24.Bg5 Kf7 25.Rce3 Re8 26.g4 c5 27.Bxf6 exf6 28.Rxe8 Bxe8 29.Rc1 c4
30.bxc4 dxc4 31.Rxc4 Ra5 32.Rc2 Ra3 33.Kg2 Ke6 34.Re2+ Kd7 35.g5 fxg5 36.Nxg5 h6
37.Nf3 Rc3 38.d5 Rc5 39.d6 Rc8 40.Rd2 Ke6 41.Nd4+ Kxd6 42.Nf5+ Ke6 43.Nxh6 Bc6+
44.Kh2 Bf3 45.Rd3 Bh5 46.Kg3 Rc4 47.Ra3 Rc7 48.Ng4 Bxg4 49.Ra6+ Kf7 50.Kxg4 Kg7
51.f4 Rb7 52.h4 Rf7 53.Ra5 Kf6 54.h5 gxh5+ 55.Rxh5 Rg7+ 56.Rg5 Rxg5+ 57.fxg5+ Kg6
58.a4 a5 59.Kf4 Kg7 60.Ke5 Kg6 61.Kd5 Kxg5 62.Kc5 Kf6 63.Kb6 Ke7 64.Kxa5 Kd8  1/2-1/2

[Event "Berkeley Int Open"]
[Site "Berkeley USA"]
[Date "2011.01.02"]
[Round "2"]
[White "Bachmann,Ax"]
[Black "Carreto Nieto,G"]
[Result "1/2-1/2"]
[WhiteElo "2548"]
[BlackElo "2231"]

1.e4 c5 2.Nf3 Nc6 3.Bb5 Nf6 4.Bxc6 dxc6 5.d3 Bg4 6.Nbd2 Nd7 7.h3 Bh5 8.g4 Bg6
9.Nc4 f6 10.Be3 e5 11.Qe2 Qc7 12.O-O-O Bf7 13.Kb1 O-O-O 14.c3 Bxc4 15.dxc4 Be7
16.g5 Nf8 17.Rxd8+ Qxd8 18.gxf6 gxf6 19.Rd1 Qe8 20.Nh4 Rg8 21.Nf5 Ne6 22.a3 a6
23.b4 Bf8 24.Qd3 Rg2 25.Ka1 Rg8 26.Kb2 Rg2 27.Kb3 Rg6 28.Qe2 Kc7 29.Ka2 Rg8
30.Qb2 Qf7 31.Ka1 cxb4 32.axb4 Be7 33.Qa2 Kc8 34.b5 Nc7 35.bxc6 bxc6 36.Bb6 Rd8
37.Rxd8+ Kxd8 38.Qxa6 Bc5 39.Ba5 Qh5 40.Qb7 Qd1+ 41.Qb1 Qa4+ 42.Qa2 Qd1+
43.Qb1  1/2-1/2

[Event "Australian Open"]
[Site "Cammeray AUS"]
[Date "2011.01.02"]
[Round "1.10"]
[White "Dickson,I"]
[Black "Hamilton,D"]
[Result "0-1"]
[WhiteElo "1856"]
[BlackElo "2207"]

1.e4 c5 2.Nf3 Nc6 3.Bb5 e6 4.Nc3 Nge7 5.O-O a6 6.Bxc6 Nxc6 7.d4 cxd4 8.Nxd4 Be7
9.Nxc6 bxc6 10.e5 Qc7 11.Bf4 Rb8 12.b3 Rb4 13.Bg3 c5 14.Qe2 Bb7 15.a3 Rd4
16.Rad1 O-O 17.a4 Rc8 18.f3 d5 19.exd6 Bxd6 20.Bxd6 Qxd6 21.Ne4 Qe5 22.Ng3 Qd6
23.c3 Rxd1 24.Rxd1 Qb6 25.Qd3 c4+ 26.Qd4 Qxd4+ 27.Rxd4 cxb3 28.Ne4 Bxe4 29.fxe4 Kf8  0-1

[Event "1st HDBank Cup"]
[Site "Ho Chi Minh City VIE"]
[Date "2011.01.04"]
[Round "1.3"]
[White "Yu Yangyi"]
[Black "Vo Thanh Ninh"]
[Result "1-0"]
[WhiteElo "2607"]
[BlackElo "2335"]

1.e4 c5 2.Nf3 Nc6 3.Bb5 g6 4.O-O Bg7 5.Nc3 e5 6.Bxc6 dxc6 7.d3 Bg4 8.a3 Qe7
9.h3 Bxf3 10.Qxf3 Nf6 11.b4 cxb4 12.axb4 Qxb4 13.Na4 Nd7 14.Be3 Qd6 15.Nb6 Nxb6
16.Bxb6 Qb8 17.Bc5 b6 18.Rfb1 Qc8 19.Be3 O-O 20.Qg4 Qb7 21.h4 h5 22.Qh3 Rac8
23.Kh2 Kh7 24.g4 hxg4 25.Qxg4 Rh8 26.h5 c5 27.hxg6+ fxg6 28.Kg2 Rc6 29.Qh4+ Kg8
30.Qd8+ Bf8 31.Qd5+ Kg7 32.Qxe5+ Rf6 33.Bg5 Be7 34.Rh1 Rxh1 35.Rxh1 Qd7 36.Bxf6+ Bxf6
37.Qf4 g5 38.Qf3 b5 39.e5 Bxe5 40.Qe4 Qe6 41.Rh7+  1-0

[Event "1st HDBank Cup"]
[Site "Ho Chi Minh City VIE"]
[Date "2011.01.05"]
[Round "3.15"]
[White "Lu Shanglei"]
[Black "Vasilyev,M"]
[Result "1-0"]
[WhiteElo "2416"]
[BlackElo "2300"]

1.e4 c5 2.Nf3 Nc6 3.Bb5 g6 4.O-O Bg7 5.c3 Nf6 6.Re1 O-O 7.h3 d6 8.d4 Bd7
9.dxc5 dxc5 10.Ba4 Be8 11.Nbd2 b6 12.Bb3 e5 13.Nc4 Qxd1 14.Bxd1 Rd8 15.Bg5 h6
16.Bxf6 Bxf6 17.Ne3 Bg7 18.Bb3 Kh7 19.Rad1 Rc8 20.h4 Na5 21.Bd5 Rc7 22.h5 Re7
23.g3 Bd7 24.Nh4 Be8 25.Kg2 Bf6 26.Nf3 Bd7 27.b4 cxb4 28.cxb4 Nc6 29.Bxc6 Bxc6
30.Rd6 Re6 31.hxg6+ Kxg6 32.Rxe6 fxe6 33.Ng4 Rc8 34.Rc1 Kg7 35.b5 Bd7 36.Rxc8 Bxc8
37.Nfxe5 Bb7 38.f3 Be7 39.Ne3 Bc5 40.N3c4 a6 41.a4 axb5 42.axb5 Bc8 43.f4 Kf6
44.Kf3 h5 45.Nb2 Bd4 46.Nbc4 Bxe5 47.Nxb6 Bxf4 48.gxf4 Bb7 49.Nd7+  1-0

[Event "Rilton Cup 2010-11"]
[Site "Stockholm SWE"]
[Date "2011.01.05"]
[Round "9"]
[White "Azizi,H"]
[Black "Bouaraba,M"]
[Result "1/2-1/2"]
[WhiteElo "2140"]
[BlackElo "2219"]

1.e4 c5 2.Nf3 Nc6 3.Bb5 e6 4.O-O Nge7 5.Re1 a6 6.Bf1 d5 7.d3 g6 8.Nc3 d4
9.Na4 Ng8 10.b3 b5 11.Nb2 e5 12.a4 Rb8 13.h3 Bg7 14.Nh2 Nge7 15.f4 Qd6 16.axb5 axb5
17.Nf3 exf4 18.e5 Qc7 19.Bxf4 Nd5 20.Bh2 Be6 21.Qc1 h5 22.Nd1 Bh6 23.Ng5 h4
24.Nf2 Qe7 25.Nfe4 Kf8 26.Nxe6+ fxe6 27.Qd1 Kg7 28.Nf6  1/2-1/2

[Event "Berkeley Int Open"]
[Site "Berkeley USA"]
[Date "2011.01.06"]
[Round "8"]
[White "Kiewra,K"]
[Black "Kraai,J"]
[Result "1/2-1/2"]
[WhiteElo "2337"]
[BlackElo "2516"]

1.e4 c5 2.Nf3 Nc6 3.Bb5 g6 4.O-O Bg7 5.c3 Nf6 6.e5 Nd5 7.d4 Nc7 8.Ba4 cxd4
9.cxd4 O-O 10.Nc3 d6 11.exd6 Qxd6 12.Ne4 Qd5 13.Nc3 Qh5 14.d5 Rd8 15.dxc6 Rxd1
16.Rxd1 Bxc3 17.bxc3 b5 18.Rd8+ Kg7 19.Bb3 Bg4 20.Rd3 Bxf3 21.Rxf3 Ne6 22.Ba3 Rc8
23.Bxe7 Rxc6 24.Bf6+ Kg8 25.Rd1 Rc8 26.Bxe6 fxe6 27.Rd7 Qh6 28.h4  1/2-1/2

[Event "Australian Open"]
[Site "Cammeray AUS"]
[Date "2011.01.06"]
[Round "5.40"]
[White "Dickson,I"]
[Black "Javor,St"]
[Result "1-0"]
[WhiteElo "1856"]
[BlackElo "1762"]

1.e4 c5 2.Nf3 Nc6 3.Bb5 a6 4.Bxc6 bxc6 5.d3 Qc7 6.Nc3 e5 7.Be3 Nf6 8.h3 Rb8
9.Na4 d6 10.c4 Be7 11.Qd2 O-O 12.Nc3 Rd8 13.Bg5 Ne8 14.O-O Bb7 15.Bxe7 Qxe7
16.Rfe1 f6 17.Rad1 Nc7 18.Qc2 Ne6 19.Ne2 d5 20.b3 Nd4 21.Nexd4 cxd4 22.exd5 cxd5
23.Nxd4 dxc4 24.dxc4 Qc7 25.Nf5 g6 26.Ne3 Kg7 27.Rxd8 Rxd8 28.Rd1 Rd4 29.Rd2 Qd6
30.Rxd4 exd4 31.Qd3 Qf4 32.Nf1 Qe5 33.Qd2 h5 34.Ng3 h4 35.Ne2 Qe4 36.f3 Qb1+
37.Kh2 d3 38.Nf4 Qc2 39.Qxd3 Qf2 40.Qxg6+ Kf8 41.Qxf6+ Ke8 42.Qe6+ Kd8 43.Nd5 Bxd5
44.cxd5 Qg3+ 45.Kg1 Kc7 46.d6+ Qxd6 47.Qxd6+ Kxd6 48.g4  1-0

[Event "1st HDBank Cup"]
[Site "Ho Chi Minh City VIE"]
[Date "2011.01.07"]
[Round "6.10"]
[White "Fernandez,Dan SIN"]
[Black "Nguyen Van Huy"]
[Result "0-1"]
[WhiteElo "2351"]
[BlackElo "2449"]

1.e4 c5 2.Nf3 Nc6 3.Bb5 g6 4.O-O Bg7 5.c3 Nf6 6.Re1 O-O 7.h3 a6 8.Bxc6 bxc6
9.d4 Qb6 10.e5 Nd5 11.c4 Nc7 12.dxc5 Qxc5 13.Qa4 Qb6 14.Nc3 c5 15.Bg5 Re8
16.Rad1 a5 17.Nd5 Nxd5 18.cxd5 Qb4 19.Qc2 Bb7 20.Re4 Qb6 21.Qd2 d6 22.e6 fxe6
23.Rxe6 Qxb2 24.Qd3 Bc8 25.Rxe7 Bf5 26.Qe3 Rxe7 27.Qxe7 Bf8 28.Qe3 Qxa2 29.Bf6 Qc2
30.Ra1 Qd3 31.Qxd3 Bxd3 32.Nd2 a4 33.f4 Bg7 34.Bxg7 Kxg7 35.Ra3 Bb5 36.Ne4 Bc4
37.Nxd6 Bxd5 38.Kf2 Bb3 39.Ke3 c4 40.Ne4 Rd8 41.Nc5 Rc8  0-1

[Event "36th Open"]
[Site "Seville ESP"]
[Date "2011.01.07"]
[Round "1"]
[White "Cohen Gomez,D"]
[Black "Lalic,B"]
[Result "0-1"]
[WhiteElo "1871"]
[BlackElo "2491"]

1.e4 c5 2.Nf3 Nc6 3.Bb5 Nf6 4.Nc3 Qc7 5.O-O a6 6.Bxc6 dxc6 7.e5 Nd5 8.Ne4 Bf5
9.Nxc5 e6 10.Nb3 c5 11.c3 Bd3 12.Re1 b5 13.a4 Rd8 14.axb5 axb5 15.g3 Be7
16.h4 O-O 17.Nh2 Qb6 18.Qf3 c4 19.Nd4 Bc5 20.b3 Bxd4 21.cxd4 Qxd4 22.Ba3 b4
23.bxc4 Bxc4 24.Qe4 Qxe4 25.Rxe4 bxa3 26.Rxc4 Ra8 27.Nf3 Rfb8 28.Rc2 Ra4
29.d4 h6 30.Rca2 Rb3 31.Nd2 Rd3 32.Nf1 Nb4 33.Rd2 Rxd2 34.Nxd2 a2 35.Nb3 Nc2
36.Rc1 a1=Q  0-1

[Event "36th Open"]
[Site "Seville ESP"]
[Date "2011.01.08"]
[Round "2"]
[White "Rizouk,A"]
[Black "Morales Araujo,F"]
[Result "1-0"]
[WhiteElo "2539"]
[BlackElo "2106"]

1.e4 c5 2.Nf3 Nc6 3.Bb5 e6 4.c3 Nge7 5.O-O a6 6.Ba4 b5 7.Bc2 Ng6 8.d4 cxd4
9.cxd4 d5 10.Bg5 Be7 11.Bxe7 Ngxe7 12.e5 Nb4 13.Nbd2 Qc7 14.Bb1 a5 15.Nb3 a4
16.Nc5 Na6 17.Bd3 Qb6 18.Rc1 Nc6 19.Qd2 Nxd4 20.Nxd4 Nxc5 21.Bxb5+ Bd7 22.Qb4 O-O
23.Qxc5  1-0

[Event "1st HDBank Cup"]
[Site "Ho Chi Minh City VIE"]
[Date "2011.01.09"]
[Round "9.16"]
[White "Goh Weiming"]
[Black "Bao Khoa"]
[Result "1/2-1/2"]
[WhiteElo "2404"]
[BlackElo "2264"]

1.e4 c5 2.Nf3 Nc6 3.Bb5 e6 4.c3 Nge7 5.d4 d5 6.dxc5 Qa5 7.Na3 a6 8.b4 Qc7
9.Bd3 g6 10.Be3 Bg7 11.Rc1 O-O 12.O-O f5 13.exd5 Nxd5 14.Bd2 Rd8 15.Qe2 e5
16.Bc4 e4 17.Ng5 h6 18.Nh3 Kh7 19.Bxd5 Rxd5 20.Nc4 Be6 21.Bf4 Qf7 22.f3 Rad8
23.fxe4 Rxc5 24.Nd6 Rxd6 25.Bxd6 Rxc3 26.Rxc3 Bxc3 27.exf5 Bxf5 28.Nf2 Nxb4
29.g4 Bd7 30.Ne4 Qe6 31.Nxc3 Qxd6 32.Rf7+ Kh8 33.Qf2 Kg8 34.Rf6 Qe7 35.Rxg6+ Kh7
36.Rf6 Kg7 37.Rf4 Nc6 38.Nd5 Qe6 39.Nf6 Ne5 40.Qe3 Bc6 41.Nh5+ Kh7 42.Qf2 Nf3+
43.Rxf3 Qxg4+ 44.Rg3 Qd1+ 45.Qf1 Qd4+ 46.Qf2 Qd1+  1/2-1/2

[Event "9th Parsvnath Open"]
[Site "New Delhi IND"]
[Date "2011.01.09"]
[Round "3.41"]
[White "Nabaty,T"]
[Black "Negi,D"]
[Result "1-0"]
[WhiteElo "2565"]
[BlackElo "2027"]

1.e4 c5 2.Nf3 Nc6 3.Bb5 e6 4.Bxc6 bxc6 5.O-O d5 6.d3 Rb8 7.b3 Be7 8.Bb2 Nf6
9.Nbd2 Ba6 10.Ne5 Qc7 11.Ng4 d4 12.Nxf6+ gxf6 13.f4 h5 14.Kh1 Kd7 15.c3 dxc3
16.Bxc3 Rbd8 17.Nc4 Bxc4 18.bxc4 Kc8 19.Rb1  1-0

[Event "9th Parsvnath Open"]
[Site "New Delhi IND"]
[Date "2011.01.10"]
[Round "4.40"]
[White "De Silva,O"]
[Black "Konguvel,P"]
[Result "1/2-1/2"]
[WhiteElo "1967"]
[BlackElo "2423"]

1.e4 c5 2.Nf3 Nc6 3.Bb5 d6 4.O-O Bd7 5.Re1 Nf6 6.c3 a6 7.Bf1 Bg4 8.h3 Bh5
9.d3 e6 10.Nbd2 Be7 11.Be2 Qc7 12.Nh2 Bxe2 13.Qxe2 d5 14.e5 Nd7 15.Nhf3 O-O-O
16.Nf1 Rdg8 17.Bd2 g5 18.g4 h5 19.Ng3 hxg4 20.hxg4 Rh4 21.Nxh4 gxh4 22.Nf1 Ncxe5
23.f3 f5 24.Nh2 h3 25.Kh1 fxg4 26.Nxg4 Nxg4 27.fxg4 Rg6 28.d4 Qb6 29.Be3 Nf6
30.dxc5  1/2-1/2

[Event "9th Parsvnath Open"]
[Site "New Delhi IND"]
[Date "2011.01.10"]
[Round "5.39"]
[White "Narayanan,Sri"]
[Black "Jain Singhai,N"]
[Result "1-0"]
[WhiteElo "2314"]
[BlackElo "2030"]

1.e4 c5 2.Nf3 Nc6 3.Bb5 d6 4.O-O g6 5.d4 cxd4 6.Qxd4 Nf6 7.e5 dxe5 8.Bxc6+ bxc6
9.Qxd8+ Kxd8 10.Nxe5 Ke8 11.Nxc6 Bb7 12.Nd4 e6 13.c4 h5 14.b3 Be7 15.Ba3 Rd8
16.Bxe7 Kxe7 17.Ne2 g5 18.Nbc3 h4 19.f3 Nh5 20.Kf2 f5 21.Rad1 Rdg8 22.Rd2 g4
23.Rfd1 Rd8 24.Rxd8 Rxd8 25.Rxd8 Kxd8 26.fxg4 fxg4 27.Nb5 a6 28.Nd6 Ba8 29.Nf7+ Ke7
30.Ne5 h3 31.gxh3 gxh3 32.Ng6+  1-0

[Event "9th Parsvnath Open"]
[Site "New Delhi IND"]
[Date "2011.01.13"]
[Round "8"]
[White "Girinath,P"]
[Black "Greenfeld,A"]
[Result "0-1"]
[WhiteElo "2362"]
[BlackElo "2557"]

1.e4 c5 2.Nf3 Nc6 3.Bb5 d6 4.O-O Bd7 5.Re1 Nf6 6.c3 a6 7.Bf1 Bg4 8.d3 e6
9.Nbd2 Bh5 10.h3 d5 11.exd5 Nxd5 12.g4 Bg6 13.Nc4 Qc7 14.Nfe5 Nxe5 15.Nxe5 Bd6
16.f4 O-O-O 17.Qf3 f6 18.Nxg6 hxg6 19.Rxe6 Bxf4 20.Bxf4 Nxf4 21.Re4 g5 22.Rae1 Qc6
23.b4 Kb8 24.bxc5 Qxc5+ 25.d4 Qc6 26.Bg2 Rc8 27.R1e3 Rc7 28.Kh2 Ka7 29.Qf2 Qb6
30.Re8 Rxe8 31.Rxe8 Rxc3 32.Re7 Rc7 33.Rxc7 Qxc7 34.Kh1 Qc1+ 35.Kh2 Nd3 36.Qg3 Qf4
37.Qxf4 Nxf4 38.Bf3 b5 39.Kg3 Kb6 40.h4 Ne6 41.hxg5 fxg5 42.d5 Nd4 43.Be4 Ne2+
44.Kf3 Nc3 45.d6 Nxe4 46.Kxe4 Kc6 47.Ke5 Kd7 48.Kd5 b4 49.Kc4 a5 50.Kc5 g6
51.Kb5 Kxd6 52.Kxa5 Kc5 53.Ka6 Kc4 54.Kb6 b3  0-1

[Event "9th Parsvnath Open"]
[Site "New Delhi IND"]
[Date "2011.01.14"]
[Round "9"]
[White "Areshchenko,A"]
[Black "Oleksienko,M"]
[Result "1-0"]
[WhiteElo "2671"]
[BlackElo "2552"]

1.e4 c5 2.Nf3 Nc6 3.Bb5 g6 4.Bxc6 bxc6 5.O-O Bg7 6.Re1 Nf6 7.e5 Nd5 8.c4 Nc7
9.d4 cxd4 10.Qxd4 Ne6 11.Qh4 h6 12.Nc3 d6 13.Qe4 Nc5 14.Qe2 O-O 15.Be3 Ne6
16.Rad1 Kh7 17.Ne4 Qa5 18.exd6 exd6 19.Nxd6 Qxa2 20.Bc1 Qa5 21.Ne5 Qxe5 22.Qxe5 Bxe5
23.Rxe5 Rd8 24.b4 Rb8 25.Ba3 Ba6 26.c5 Rd7 27.Rde1 Nf4 28.Re7 Rbd8 29.g3 Nd5
30.Rxf7+ Rxf7 31.Nxf7 Rf8 32.Nd6 Bd3 33.Bc1 a6 34.h4 Rg8 35.Bd2 g5 36.hxg5 hxg5
37.Nf7 g4 38.Re6 Bb5 39.Ne5 Rg7 40.Nxc6 Rg6 41.Rxg6 Kxg6 42.Nd4 Bd7 43.Kf1 Kf6
44.Ke2 Ke5 45.Kd3 Ne7 46.f3 Kd5 47.fxg4 Bxg4 48.Bf4 a5 49.Bd6 Nf5 50.Nxf5 Bxf5+
51.Kc3 axb4+ 52.Kxb4 Bd7 53.Kc3 Ke4 54.Kc4 Bc6 55.g4 Bd7 56.g5 Be8 57.Be7 Ke5
58.Bf6+ Ke4 59.Bd8 Ke5 60.Ba5 Kf5 61.Bd2 Ke4 62.Kb4 Kd5 63.Be1 Kd4 64.Bg3 Ke4
65.Bc7 Kd4 66.Bd6 Kd5 67.Bf8 Ke6 68.Ka5 Kf7 69.Bd6 Kg6 70.Bf4 Kf5 71.Bd2 Ke5
72.Kb6 Kd5 73.Be3 Ke4 74.c6  1-0

[Event "3rd Chennai Open"]
[Site "Chennai IND"]
[Date "2011.01.18"]
[Round "1"]
[White "Zherebukh,Y"]
[Black "Abu Sufian,S"]
[Result "1-0"]
[WhiteElo "2565"]
[BlackElo "2358"]

1.e4 c5 2.Nf3 Nc6 3.Bb5 d6 4.O-O Bd7 5.Re1 Nf6 6.c3 a6 7.Ba4 b5 8.Bc2 Bg4
9.a4 Rb8 10.axb5 axb5 11.d4 cxd4 12.cxd4 e5 13.d5 Nd4 14.Nbd2 Nxc2 15.Qxc2 Be7
16.h3 Bd7 17.Nb3 Rc8 18.Qd3 O-O 19.Na5 Qc7 20.Bd2 Qc2 21.Qxc2 Rxc2 22.Bb4 Rfc8
23.Nb7 Ne8 24.Nxe5 dxe5 25.Bxe7 R8c7 26.Nd6 Bxh3 27.Nxe8 Rxe7 28.Nd6 Bc8
29.Ra8 Rec7 30.Nxb5 R7c5 31.d6  1-0

[Event "B1 Masters"]
[Site "Marianske Lazne CZE"]
[Date "2011.01.18"]
[Round "5"]
[White "Bulmaga,I"]
[Black "Volodin,V"]
[Result "1/2-1/2"]
[WhiteElo "2260"]
[BlackElo "2223"]

1.e4 c5 2.Nf3 Nc6 3.Bb5 g6 4.Bxc6 dxc6 5.d3 Bg7 6.h3 Nf6 7.Nc3 O-O 8.O-O Nd7
9.Be3 e5 10.Qd2 b6 11.Nh2 Nf6 12.a4 a5 13.Rad1 Be6 14.b3 Qd7 15.Bh6 Nh5 16.Ne2 f6
17.Bxg7 Nxg7 18.f4 exf4 19.Nxf4 f5 20.Nxe6 Qxe6 21.Rde1 fxe4 22.Rxe4 Rxf1+
23.Nxf1 Qf6 24.Ne3 Rf8 25.Qe1 Re8 26.Ng4 Qd4+ 27.Kh1 Rxe4 28.Nh6+ Kf8 29.dxe4 Nh5
30.Kh2 Qe5+ 31.Kg1 Nf6 32.Ng4 Nxg4 33.hxg4 Kg7 34.Qe2 Kf6 35.Qf3+ Kg5 36.g3 b5
37.Kg2 h5 38.gxh5 gxh5 39.Qd3 Qd4 40.Qf3 Qd2+ 41.Kh3 Qd7+ 42.Kg2 Qd2+ 43.Kh3  1/2-1/2

[Event "3rd Chennai Open"]
[Site "Chennai IND"]
[Date "2011.01.19"]
[Round "3"]
[White "Zherebukh,Y"]
[Black "Shanmuganathan,T"]
[Result "1-0"]
[WhiteElo "2565"]
[BlackElo "2095"]

1.e4 c5 2.Nf3 Nc6 3.Bb5 Nf6 4.Nc3 Qc7 5.d3 e6 6.O-O Ng4 7.Bxc6 bxc6 8.h3 Ne5
9.Nxe5 Qxe5 10.Be3 Qc7 11.Na4 d6 12.Qe1 e5 13.f4 f6 14.fxe5 fxe5 15.Qh4 Be6
16.a3 Bf7 17.Qg4 g6 18.b4 c4 19.Bg5 Be7 20.Bh6 Qc8 21.Qe2 Qe6 22.Rf2 cxd3
23.cxd3 Qb3 24.Nb2 Be6 25.Nc4 Kd7 26.Raf1 Rhg8 27.Rf7 Bxf7 28.Rxf7 Ke8 29.Rxh7 Qb1+
30.Kh2 Kd8 31.Qg4 Qxd3 32.Qe6 Re8 33.Bg5  1-0

[Event "3rd Chennai Open"]
[Site "Chennai IND"]
[Date "2011.01.20"]
[Round "4"]
[White "Rathnakaran,K"]
[Black "Ramalingam,K"]
[Result "1-0"]
[WhiteElo "2381"]
[BlackElo "2046"]

1.e4 c5 2.Nf3 Nc6 3.Bb5 g6 4.O-O Bg7 5.Re1 Nf6 6.e5 Nd5 7.Nc3 Nc7 8.Bxc6 dxc6
9.Ne4 b6 10.Nf6+ Kf8 11.Ne4 Bg4 12.d3 Qd5 13.c4 Qd7 14.h3 Bxf3 15.Qxf3 Ne6
16.Ng5 Nxg5 17.Bxg5 Qe6 18.a4 h6 19.Bd2 a5 20.Re4 Kg8 21.Rae1 Rd8 22.Bc3 h5
23.Qg3 h4 24.Qf3 Rh5 25.Qd1 Bh6 26.Rg4 Qf5 27.d4 cxd4 28.Rxd4 Rxd4 29.Qxd4 c5
30.Qd8+ Bf8 31.Qxb6 Rg5 32.Bd2 Rh5 33.Qxc5 Qd3 34.Bxa5 Rg5 35.Qe3  1-0

[Event "3rd Chennai Open"]
[Site "Chennai IND"]
[Date "2011.01.20"]
[Round "4"]
[White "Areshchenko,A"]
[Black "Hemant,S2"]
[Result "1-0"]
[WhiteElo "2671"]
[BlackElo "2231"]

1.e4 c5 2.Nf3 Nc6 3.Bb5 g6 4.O-O Bg7 5.Bxc6 dxc6 6.h3 Qc7 7.d3 b6 8.a3 e5
9.b4 Qd6 10.Nbd2 Be6 11.Bb2 Nh6 12.Ng5 cxb4 13.axb4 O-O 14.Nxe6 Qxe6 15.Ra6 Qe7
16.Qa1 f5 17.Bc3 g5 18.Nc4 g4 19.hxg4 Qh4 20.Nxe5 fxg4 21.g3 Qh3 22.Rxa7 Rxa7
23.Qxa7 Bxe5 24.Bxe5 Nf7 25.Bf4  1-0

[Event "3rd Chennai Open"]
[Site "Chennai IND"]
[Date "2011.01.20"]
[Round "4"]
[White "Sekar,B"]
[Black "Roy Chowdhury,S"]
[Result "0-1"]
[WhiteElo "2073"]
[BlackElo "2449"]

1.e4 c5 2.Nf3 Nc6 3.Bb5 d6 4.O-O Bd7 5.c3 Nf6 6.Re1 a6 7.Ba4 b5 8.Bc2 e5
9.h3 Be7 10.d4 Qc7 11.d5 Na5 12.Nbd2 O-O 13.Nf1 Ne8 14.Ng3 g6 15.Qd2 Bf6
16.Qh6 Bg7 17.Qh4 Qd8 18.Bg5 f6 19.Bh6 Nc4 20.Bc1 Nc7 21.b3 Nb6 22.Nf1 a5
23.N1h2 c4 24.Be3 cxb3 25.axb3 Nc8 26.Ng4 Na6 27.Nd2 Qc7 28.Nb1 Nc5 29.Qg3 Nb6
30.f4 exf4 31.Bxf4 Nb7 32.Be3 Bxg4 33.Qxg4 Nd7 34.Bd4 b4 35.Bd3 Nbc5 36.Bc4 Rae8
37.Qf3 Ne5 38.Qe2 f5 39.cxb4 Nf3+  0-1